000
00282nam a22001337a 4500
008
210309b ||||| |||| 00| 0 eng d
041
_a
eng
080
_a
94
082
_a
94
100
_a
19
101
_a
SHH
245
_a
At the Edge of History
_c
Thompson,I.W
942
_2
udc
_c
BK
999
_c
56033
_d
56033